Guinea languages of the Atlantic group : description and internal classification (Record no. 199245)

MARC details
000 -LEADER
fixed length control field 00674nam a2200217Ia 4500
008 - FIXED-LENGTH DATA ELEMENTS--GENERAL INFORMATION
fixed length control field 191130s2007##################000#0#eng##
020 ## - INTERNATIONAL STANDARD BOOK NUMBER
ISBN 9780820498911
082 ## - DEWEY DECIMAL CLASSIFICATION NUMBER
Classification number 496.32 WIL
245 ## - TITLE STATEMENT
Title Guinea languages of the Atlantic group : description and internal classification
Statement of responsibility, etc William A. A. Wilson ; edited by Anne Storch
260 ## - PUBLICATION, DISTRIBUTION, ETC. (IMPRINT)
Place of publication Bern
Name of publisher Peter Lang
Year of publication 2007
300 ## - PHYSICAL DESCRIPTION
Number of Pages 271 p. ; 21 cm
650 ## - SUBJECT ADDED ENTRY--TOPICAL TERM
Topical Term Africa, West - Languages
Topical Term African languages
Topical Term Guinea - Languages
700 ## - ADDED ENTRY--PERSONAL NAME
Personal name Wilson, William A. A
991 ## -
-- 416349
Holdings
Withdrawn status Lost status Damaged status Not for loan Home library Current library Date acquired Full call number Accession Number Price effective from Koha item type
        Anna Centenary Library Anna Centenary Library 13.10.2020 496.32 WIL 216109 13.10.2020 English Books

Find us on the map